Flagi regionów Włoch - Statystyki

Ogólne statystyki
  • Ten quiz został rozwiązany 80 razy
  • Średni wynik to 8 z 20
Statystyki odpowiedzi
Obrazkowy Odpowiedź % Poprawnych
Sardynia
88%
Sycylia
88%
Lombardia
71%
Kalabria
69%
Toskania
60%
Lacjum
56%
Piemont
48%
Marche
44%
Molise
42%
Emilia-Romania
38%
Kampania
38%
Wenecja Euganejska
25%
Liguria
23%
Dolina Aosty
21%
Apulia
19%
Trydent-Górna Adyga
17%
Abruzja
13%
Basilicata
13%
Friuli-Wenecja Julijska
10%
Unbria
0%
Nie znaleziono quizów pasujących do podanych kryteriów
Rozkład punktacji
Procent ludzi z każdym wynikiem
Percentyl według liczby udzielonych odpowiedzi
Twoja historia wyników
Nie rozwiązałeś tego quizu